| 000 | 00539nam a2200205Ia 4500 | ||
|---|---|---|---|
| 008 | 170918s9999 xx 000 0 und d | ||
| 020 | _a9780316114028 | ||
| 050 | _bB929sw 2008 | ||
| 100 | _aBuffett, Jimmy | ||
| 245 | _aSwine not? : | ||
| 245 | _ba novel pig tale / | ||
| 245 | _cby Jimmy Buffett ; illustrated by Helen Bransford. | ||
| 250 | _aFirst edition. | ||
| 260 | _aNew York : | ||
| 260 | _bLittle, Brown and Company, | ||
| 260 | _c2008 | ||
| 300 | _axxi, 233 pages : | ||
| 300 | _billustrations ; | ||
| 300 | _c23cm. | ||
| 999 |
_c344256 _d344256 |
||